00984nam a2200217 a 450000100100000000500170001000800410002702000150006804000250008310000420010824501120015026000720026230000210033449000520035550400730040750400330048071000720051383000590058595201050064499900170074900004116820201002034656.0130917s1998 sp 000 0 spa d a8400077385 aDO-SdBNPbspacBNPHU1 aHuertas García-Alejo, Rafael91489910aClasificar y educar :bhistoria natural y social de la deficiencia mental /cRafael Huertas García-Alejo. aMadrid :bConsejo Superior de Investigaciones Científicas,c1998. a181 p. ;c18 cm.1 aCuadernos Galileo de Historia de la Cienciav18 aIncluye referencias bibliográficas y notas al pie de las páginas abibliografías : p. 159-1792 aConsejo Superior de Investigaciones Científicas,(España)967570 0aCuadernos Galileo de Historia de la Ciencian18967727 001050718MOaGRbGRcCTd2013-09-20iLF1l0o p41168-10r2020-06-25w2020-06-25y1ZNo se presta c40658d40658